| 000 | 00954nam a22002651u 4500 | ||
|---|---|---|---|
| 001 | 05939 | ||
| 003 | HDC | ||
| 007 | cr bn --- | ||
| 008 | 210121p xx fo d 00 engg | ||
| 040 | _aHDC | ||
| 110 | _aKementerian Perdangan Antarabangsa dan Industri (MITI) | ||
| 245 | 0 |
_aBriefing to Members of Parliament / _cby Kementerian Perdangan Antarabangsa dan Industri (MITI) |
|
| 260 |
_a[No place] : _b[publisher not identified], _c2012 |
||
| 300 |
_a14 pages : _bIllustrations |
||
| 336 |
_atext _2rdacontent |
||
| 337 |
_acomputer _2rdamedia |
||
| 338 |
_aonline resource _2rdacarrier |
||
| 650 |
_aHalal industry _9144 |
||
| 650 |
_aHalal Target Markets _96273 |
||
| 650 |
_aMuslim Population _92438 |
||
| 856 | _zRequest full-text at [email protected] | ||
| 942 | _2lcc | ||
| 942 | _cSLIDE | ||
| 942 | _kSLID 000637 | ||
| 999 |
_c3263 _d3263 |
||